Datum a čas kvízu
36
Celkem bodů
Celkový počet nahraných bodů na tomto kvízu bez doplňovacích otázek.
3.
Pořadí na kvízu
Konečné umístění týmu na tomto kvízu.
Zaznamenané odpovědi
| # | Otázka | Odpověď | Body | Výsledky |
|---|---|---|---|---|
| 1. | Ve středu jmenoval prezident n... | Právnická fakulta, Plzeň | 1 | |
| 2. | Který renesanční zámek v Pardu... | Litomyšl | 1 | |
| 3. | V Karlových Varech byl v pátek... | Iva Janžurová | 1 | |
| 4. | Která automobilka ohlásila zám... | Volvo | 0 | |
| 5. | Jak se jmenuje historicky 29.... | Pavel Francouz | 1 | |
| 6. | Pod kterým pseudonymem je znám... | Banksy | 1 | |
| 7. | Který skotský herec propůjčil... | Sean Connery | 1 | |
| 8. | Jistý řád živočichů má ve svém... | o krokodýlech | 0 | |
| 9. | Tento český kardiochirurg patř... | Jan Pirk | 1 | |
| 10. | Výraz srdcovka má v českém jaz... | B | 1 |